[Event "LSS No Engine Cup 199 Preliminary 0"]
[Site "LSS email"]
[Date "2020.02.11"]
[Round "?"]
[White "Pech, Jaroslav Sr"]
[Black "Dogan, Ahmet"]
[Result "1/2-1/2"]
[WhiteElo "1617"]
[BlackElo "1839"]
[PlyCount "69"]
[EventDate "2020.02.11"]
[EventType "tourn (corr)"]
[EventRounds "6"]
[EventCountry "GER"]
[SourceTitle "Corr 2022"]
[Source "ChessBase"]
[SourceDate "2021.10.24"]
[SourceVersion "1"]
[SourceVersionDate "2021.10.24"]
[SourceQuality "1"]

1. e4 e5 2. Nf3 Nc6 3. Bb5 a6 4. Ba4 d6 5. c3 Bd7 6. d4 h6 7. 0-0 Nf6 8. Bc2 Be7 9. d5 Na5 10. Nfd2 b5 11. b4 Nb7 12. Bb2 0-0 13. c4 c6 14. dxc6 Bxc6 15. Nc3 Rc8 16. Re1 Qc7 17. Bd3 Qb6 18. Rc1 Bd7 19. Qe2 Nd8 20. Nd5 Nxd5 21. cxd5 Rxc1 22. Rxc1 Bg5 23. Rc2 Bxd2 24. Qxd2 f5 25. Qc3 fxe4 26. Bxe4 Bf5 27. Bxf5 Rxf5 28. g3 Rf7 29. h4 Kf8 30. Qc8 Ke8 31. Bc1 Qb7 32. Be3 Qxc8 33. Rxc8 Rb7 34. Ra8 Ke7 35. Rxa6 1/2-1/2

[Event "SD-2019-0-00306"]
[Site "LSS email"]
[Date "2019.12.27"]
[Round "?"]
[White "Csaba, Fodor"]
[Black "Dogan, Ahmet"]
[Result "1/2-1/2"]
[WhiteElo "1376"]
[BlackElo "1707"]
[PlyCount "80"]
[EventDate "2019.07.29"]
[EventType "tourn (corr)"]
[EventRounds "6"]
[EventCountry "GER"]
[SourceTitle "Corr 2022"]
[Source "ChessBase"]
[SourceDate "2021.10.24"]
[SourceVersion "1"]
[SourceVersionDate "2021.10.24"]
[SourceQuality "1"]

1. d4 Nf6 2. Nf3 e6 3. c4 b6 4. g3 Bb7 5. Bg2 Be7 6. 0-0 0-0 7. Nc3 d5 8. Ne5 Nbd7 9. Bf4 c5 10. dxc5 Nxc5 11. cxd5 Nxd5 12. Nxd5 exd5 13. Rc1 Re8 14. b4 Ne6 15. Nc6 Bxc6 16. Rxc6 Nxf4 17. gxf4 Bxb4 18. Bxd5 Qe7 19. e3 Rac8 20. Qa4 Bc5 21. Rd1 a5 22. Kg2 Red8 23. Rxc8 Rxc8 24. h4 g6 25. h5 Kg7 26. Qb5 f6 27. Qb3 gxh5 28. Kh2 Kh6 29. Bf3 Rd8 30. Rxd8 Qxd8 31. Qf7 Qe7 32. Qxh5+ Kg7 33. Qg4+ Kh8 34. a4 Qg7 35. Qc8+ Qf8 36. Qh3 Qe8 37. Bg4 Qe7 38. Kg1 Qg7 39. Kf1 Qe7 40. Be6 Qg7 1/2-1/2

[Event "SC-2018-0-00346"]
[Site "LSS email"]
[Date "2018.03.07"]
[Round "?"]
[White "Dogan, Ahmet"]
[Black "Dlugolecki, Grzegorz"]
[Result "0-1"]
[WhiteElo "1726"]
[BlackElo "1688"]
[PlyCount "46"]
[EventDate "2018.01.14"]
[EventType "tourn (corr)"]
[EventRounds "6"]
[EventCountry "GER"]
[SourceTitle "Corr 2022"]
[Source "ChessBase"]
[SourceDate "2021.10.24"]
[SourceVersion "1"]
[SourceVersionDate "2021.10.24"]
[SourceQuality "1"]

1. d4 d5 2. Bf4 e6 3. e3 Nf6 4. Nf3 c5 5. c3 Nc6 6. Nbd2 Bd6 7. Bg3 h6 8. Ne5 0-0 9. Be2 cxd4 10. cxd4 Ne7 11. 0-0 a5 12. h3 Ne4 13. Nxe4 dxe4 14. Bh2 b6 15. Rc1 Bb7 16. Bb5 Ba6 17. Bxa6 Rxa6 18. Qg4 f5 19. Qe2 Ra8 20. Rc4 b5 21. Rc2 Qe8 22. Rfc1 Ra6 23. a4 Rb6 0-1

[Event "SC-2018-0-00346"]
[Site "LSS email"]
[Date "2018.03.06"]
[Round "?"]
[White "Dogan, Ahmet"]
[Black "Martins, Karin"]
[Result "0-1"]
[WhiteElo "1726"]
[BlackElo "1742"]
[PlyCount "28"]
[EventDate "2018.01.14"]
[EventType "tourn (corr)"]
[EventRounds "6"]
[EventCountry "GER"]
[SourceTitle "Corr 2022"]
[Source "ChessBase"]
[SourceDate "2021.10.24"]
[SourceVersion "1"]
[SourceVersionDate "2021.10.24"]
[SourceQuality "1"]

1. d4 Nf6 2. Bg5 Ne4 3. Bf4 c5 4. c3 d5 5. e3 e6 6. Nd2 Nc6 7. Nxe4 dxe4 8. f3 g5 9. Bg3 Qd5 10. fxe4 Qxe4 11. Qd3 Qxd3 12. Bxd3 Be7 13. h4 g4 14. Ne2 Bd7 0-1

[Event "SC-2018-0-00346"]
[Site "LSS email"]
[Date "2018.03.06"]
[Round "?"]
[White "Peraza Balleste, Orlando"]
[Black "Dogan, Ahmet"]
[Result "1-0"]
[WhiteElo "1745"]
[BlackElo "1726"]
[PlyCount "25"]
[EventDate "2018.01.14"]
[EventType "tourn (corr)"]
[EventRounds "6"]
[EventCountry "GER"]
[SourceTitle "Corr 2022"]
[Source "ChessBase"]
[SourceDate "2021.10.24"]
[SourceVersion "1"]
[SourceVersionDate "2021.10.24"]
[SourceQuality "1"]

1. e4 c5 2. Nf3 g6 3. d4 cxd4 4. Nxd4 d6 5. Nc3 Bg7 6. Be3 Nf6 7. f3 0-0 8. Qd2 Nc6 9. 0-0-0 Nxd4 10. Bxd4 Be6 11. Kb1 Qc7 12. h4 h5 13. Nd5 1-0

[Event "SC-2017-0-00336"]
[Site "LSS email"]
[Date "2017.11.04"]
[Round "?"]
[White "Dogan, Ahmet"]
[Black "Bordenave, Roberto"]
[Result "0-1"]
[WhiteElo "1743"]
[BlackElo "1886"]
[PlyCount "62"]
[EventDate "2017.09.20"]
[EventType "tourn (corr)"]
[EventRounds "6"]
[EventCountry "GER"]
[SourceTitle "Corr 2022"]
[Source "ChessBase"]
[SourceDate "2021.10.24"]
[SourceVersion "1"]
[SourceVersionDate "2021.10.24"]
[SourceQuality "1"]

1. Nf3 d5 2. d4 Nf6 3. Bf4 c5 4. e3 Nc6 5. Nc3 Bg4 6. Bb5 e6 7. h3 Bxf3 8. Qxf3 cxd4 9. Bxc6+ bxc6 10. exd4 c5 11. Be5 cxd4 12. Bxd4 Bd6 13. 0-0 0-0 14. Rfe1 a6 15. Na4 Rc8 16. Qd3 Rc6 17. Rac1 Re8 18. b3 e5 19. Bb2 e4 20. Qd2 Nh5 21. g3 Bxg3 22. fxg3 Nxg3 23. Qf2 Rg6 24. Kh2 Qd6 25. Rg1 Ne2+ 26. Kh1 Nxg1 27. Rxg1 e3 28. Qe2 d4 29. Rg4 Rxg4 30. hxg4 Re6 31. Qg2 Qd8 0-1

[Event "SC-2017-0-00336"]
[Site "LSS email"]
[Date "2017.11.04"]
[Round "?"]
[White "Wernitz, Helmut"]
[Black "Dogan, Ahmet"]
[Result "1-0"]
[WhiteElo "1734"]
[BlackElo "1743"]
[PlyCount "91"]
[EventDate "2017.09.20"]
[EventType "tourn (corr)"]
[EventRounds "6"]
[EventCountry "GER"]
[SourceTitle "Corr 2022"]
[Source "ChessBase"]
[SourceDate "2021.10.24"]
[SourceVersion "1"]
[SourceVersionDate "2021.10.24"]
[SourceQuality "1"]

1. e4 e5 2. Nf3 Nc6 3. d4 exd4 4. Nxd4 Bc5 5. Nxc6 Qf6 6. Qd2 dxc6 7. Nc3 Be6 8. Na4 Rd8 9. Bd3 Bd6 10. 0-0 Qe5 11. g3 Nf6 12. Qe2 0-0 13. Kg2 Rfe8 14. Nc3 Qa5 15. Bd2 Qc5 16. Be3 Qb4 17. Rab1 Qa5 18. a3 c5 19. f3 c6 20. Bc4 Bxc4 21. Qxc4 b5 22. Qe2 c4 23. a4 a6 24. Qf2 Nd7 25. axb5 axb5 26. Ne2 Qc7 27. Rfd1 g6 28. h4 Be5 29. h5 Ra8 30. hxg6 hxg6 31. Rd2 Bg7 32. Bd4 Ne5 33. Qe3 f5 34. Rbd1 Qf7 35. Bxe5 Rxe5 36. Qb6 fxe4 37. f4 Ree8 38. Qxc6 Qf5 39. Rd7 Rac8 40. Qb7 Bf8 41. Nd4 Rb8 42. Nxf5 Rxb7 43. Rxb7 gxf5 44. Rxb5 Bg7 45. c3 Ra8 46. Kf2 1-0

[Event "SC-2017-0-00333"]
[Site "LSS email"]
[Date "2017.10.12"]
[Round "?"]
[White "Suwara, Kazimierz"]
[Black "Dogan, Ahmet"]
[Result "1/2-1/2"]
[WhiteElo "1770"]
[BlackElo "1736"]
[PlyCount "90"]
[EventDate "2017.07.30"]
[EventType "tourn (corr)"]
[EventRounds "6"]
[EventCountry "GER"]
[SourceTitle "Corr 2022"]
[Source "ChessBase"]
[SourceDate "2021.10.24"]
[SourceVersion "1"]
[SourceVersionDate "2021.10.24"]
[SourceQuality "1"]

1. d4 d5 2. Nc3 Nf6 3. Qd3 c5 4. dxc5 Nc6 5. Nf3 e5 6. Bg5 e4 7. Qe3 Be7 8. Bxf6 Bxf6 9. 0-0-0 Bxc3 10. Qxc3 exf3 11. Qxg7 Rf8 12. exf3 Qa5 13. f4 Qxc5 14. Bd3 Ke7 15. Bxh7 Bd7 16. Rhe1+ Kd6 17. Re5 Be6 18. Re3 d4 19. Rc3 Qb5 20. Be4 Ke7 21. Bxc6 bxc6 22. Qxd4 Rfd8 23. Qc5+ Qxc5 24. Rxc5 Rxd1+ 25. Kxd1 Kd6 26. Rg5 Bxa2 27. Rg3 Bd5 28. Rd3 Ke6 29. g3 Kf5 30. h3 a5 31. Ra3 Bg2 32. f3 Bxh3 33. Ke2 a4 34. Kf2 Ra5 35. Ra1 Rc5 36. c3 Rb5 37. g4+ Kxf4 38. Rxa4+ Kg5 39. b4 Rd5 40. Ra7 f5 41. c4 Re5 42. Kg3 Re3 43. Kxh3 fxg4+ 44. Kg2 Rxf3 45. Rg7+ Kh5 1/2-1/2

[Event "CP-2017-P-00013"]
[Site "LSS email"]
[Date "2017.09.27"]
[Round "?"]
[White "Almeraya, Eduardo"]
[Black "Dogan, Ahmet"]
[Result "1-0"]
[WhiteElo "2232"]
[BlackElo "1734"]
[PlyCount "81"]
[EventDate "2017.10.01"]
[EventType "tourn (corr)"]
[EventRounds "6"]
[EventCountry "GER"]
[SourceTitle "Corr 2022"]
[Source "ChessBase"]
[SourceDate "2021.10.24"]
[SourceVersion "1"]
[SourceVersionDate "2021.10.24"]
[SourceQuality "1"]

1. c4 e6 2. d4 d5 3. Nc3 Nf6 4. Nf3 Be7 5. Bf4 0-0 6. e3 b6 7. cxd5 Nxd5 8. Nxd5 exd5 9. Be2 Bb4+ 10. Nd2 Bd6 11. Bxd6 Qxd6 12. Rc1 Nd7 13. Qa4 Nf6 14. Qc2 Ne8 15. Bb5 Bd7 16. Bxd7 Qxd7 17. Qc6 Rd8 18. Qxd7 Rxd7 19. Ke2 f6 20. b4 Nd6 21. Rc2 Ra8 22. a4 a5 23. b5 Kf7 24. Rhc1 Rc8 25. g4 g6 26. Rc6 h6 27. h4 Ke6 28. Nf1 Ke7 29. Ng3 Kf7 30. h5 g5 31. Nf5 Nxf5 32. gxf5 Ke7 33. Re6+ Kd8 34. Rxf6 Rh7 35. Kf3 Kd7 36. Rcc6 Rch8 37. Kg4 Ke7 38. Rfe6+ Kd8 39. Rg6 Ke8 40. f6 Rf7 41. Kf5 1-0

[Event "CP-2017-P-00013"]
[Site "LSS email"]
[Date "2017.09.27"]
[Round "?"]
[White "Dogan, Ahmet"]
[Black "Trzebiatowski, Krzysztof"]
[Result "0-1"]
[WhiteElo "1734"]
[BlackElo "1923"]
[PlyCount "91"]
[EventDate "2017.10.01"]
[EventType "tourn (corr)"]
[EventRounds "6"]
[EventCountry "GER"]
[SourceTitle "Corr 2022"]
[Source "ChessBase"]
[SourceDate "2021.10.24"]
[SourceVersion "1"]
[SourceVersionDate "2021.10.24"]
[SourceQuality "1"]

1. d4 d5 2. Nf3 c6 3. e3 Nf6 4. c4 e6 5. Be2 Nbd7 6. Nc3 Bd6 7. b3 0-0 8. 0-0 Ne4 9. Nxe4 dxe4 10. Nd2 f5 11. c5 Bc7 12. f4 Nf6 13. Nc4 Nd5 14. Ba3 Rf6 15. Qd2 b5 16. cxb6 axb6 17. Bb2 g5 18. Ne5 gxf4 19. exf4 Bxe5 20. dxe5 Rg6 21. Bc4 c5 22. a4 Bb7 23. Qe2 Qh4 24. g3 Qh3 25. Rad1 e3 26. Bxd5 exd5 27. Qxe3 d4 28. Qf2 h5 29. Rd3 h4 30. Rfd1 Be4 31. Qf1 Qxf1+ 32. Kxf1 Bxd3+ 33. Rxd3 hxg3 34. hxg3 Kf7 35. Kf2 Ke6 36. Rd2 Rh8 37. Kf3 Kd5 38. Rg2 Rgh6 39. Re2 Rh2 40. Bc1 Rxe2 41. Kxe2 Ke4 42. e6 Rh2+ 43. Kf1 Rh6 44. a5 Kf3 45. Kg1 Rxe6 46. axb6 0-1

[Event "LSS No Engine Cup 173 Preliminary 0"]
[Site "LSS email"]
[Date "2017.09.10"]
[Round "?"]
[White "Dogan, Ahmet"]
[Black "Jenneborg, Seved"]
[Result "1/2-1/2"]
[WhiteElo "1967"]
[BlackElo "2153"]
[PlyCount "107"]
[EventDate "2017.09.11"]
[EventType "tourn (corr)"]
[EventRounds "6"]
[EventCountry "GER"]
[SourceTitle "Corr 2022"]
[Source "ChessBase"]
[SourceDate "2021.10.24"]
[SourceVersion "1"]
[SourceVersionDate "2021.10.24"]
[SourceQuality "1"]

1. d4 d5 2. Nf3 Nf6 3. Bf4 c5 4. e3 Nc6 5. c3 Qb6 6. Qb3 c4 7. Qxb6 axb6 8. Be2 Bf5 9. Nbd2 e6 10. Ne5 Nxe5 11. dxe5 Ne4 12. Nxe4 Bxe4 13. f3 Bg6 14. e4 Bc5 15. exd5 exd5 16. h4 b5 17. h5 Bf5 18. h6 g6 19. Rd1 Rd8 20. Bg5 Rd7 21. g4 Be6 22. Bf6 0-0 23. f4 d4 24. f5 Bd5 25. Rh3 Bg2 26. Rg3 Bc6 27. e6 fxe6 28. fxe6 Rd5 29. Bxd4 Be7 30. Rh3 Rd6 31. Bg7 Rfd8 32. Rxd6 Rxd6 33. a4 Rxe6 34. axb5 Bd7 35. Rh1 Bxb5 36. Kf1 Re4 37. Bd4 Bg5 38. Kf2 Rf4+ 39. Kg3 Rf7 40. b3 Bc6 41. Re1 b5 42. bxc4 Re7 43. Bc5 Re5 44. cxb5 Rxc5 45. bxc6 Rxc6 46. c4 Re6 47. Kf3 Bxh6 48. Rd1 Kf7 49. Rd7+ Re7 50. Rxe7+ Kxe7 51. c5 Ke6 52. Bc4+ Kd7 53. Bd5 Bg5 54. c6+ 1/2-1/2

[Event "LSS No Engine Cup 154 Final"]
[Site "LSS email"]
[Date "2017.02.27"]
[Round "?"]
[White "Dogan, Ahmet"]
[Black "Hermans, Marcel"]
[Result "0-1"]
[WhiteElo "1950"]
[BlackElo "2097"]
[PlyCount "90"]
[EventDate "2017.02.28"]
[EventType "tourn (corr)"]
[EventRounds "6"]
[EventCountry "GER"]
[SourceTitle "Corr 2022"]
[Source "ChessBase"]
[SourceDate "2021.10.24"]
[SourceVersion "1"]
[SourceVersionDate "2021.10.24"]
[SourceQuality "1"]

1. Nf3 Nf6 2. d4 g6 3. c4 Bg7 4. Nc3 0-0 5. e3 d6 6. Be2 Nc6 7. d5 Nb4 8. a3 Na6 9. Qc2 Nc5 10. e4 c6 11. Be3 cxd5 12. cxd5 Bd7 13. Bxc5 dxc5 14. 0-0 Ng4 15. h3 Ne5 16. Nd2 g5 17. Rfd1 Kh8 18. a4 Rg8 19. a5 Bf6 20. Nf3 g4 21. Nxe5 Bxe5 22. hxg4 Bxg4 23. g3 Qd6 24. Rd3 Bd7 25. Qd2 Rg7 26. Bf1 h5 27. Ne2 c4 28. Re3 h4 29. Bg2 Qh6 30. Rd3 Qh7 31. Re3 Rag8 32. Raa3 hxg3 33. Nxg3 Qh4 34. Kf1 Qh2 35. Qe2 a6 36. Bf3 c3 37. bxc3 Bxg3 38. fxg3 Bb5 39. c4 Bxc4 40. Qxc4 Rxg3 41. Bg2 Qxg2+ 42. Ke1 Qg1+ 43. Kd2 Rg2+ 44. Kd3 Qd1+ 45. Kc3 Rc2+ 0-1

[Event "LSS No Engine Cup 154 Final"]
[Site "LSS email"]
[Date "2017.02.27"]
[Round "?"]
[White "Dogan, Ahmet"]
[Black "Sofia, Gerardo"]
[Result "1-0"]
[WhiteElo "1950"]
[BlackElo "1942"]
[PlyCount "111"]
[EventDate "2017.02.28"]
[EventType "tourn (corr)"]
[EventRounds "6"]
[EventCountry "GER"]
[SourceTitle "Corr 2022"]
[Source "ChessBase"]
[SourceDate "2021.10.24"]
[SourceVersion "1"]
[SourceVersionDate "2021.10.24"]
[SourceQuality "1"]

1. Nf3 f5 2. g3 Nf6 3. Bg2 e6 4. d4 Be7 5. c4 0-0 6. 0-0 c6 7. b3 d5 8. Qc2 Nbd7 9. Ng5 Nb6 10. c5 Nh5 11. Nf3 Nd7 12. Bb2 Qc7 13. Nc3 b6 14. Ba3 Qd8 15. Rab1 Rf6 16. b4 Rg6 17. Ne1 Ba6 18. Nd3 Rc8 19. Bc1 Qc7 20. Bf3 Bxd3 21. exd3 Nhf6 22. Ne2 e5 23. dxe5 Nxe5 24. Bg2 Qd7 25. Nf4 Rh6 26. Re1 Nf7 27. Ne6 Rg6 28. d4 Ne4 29. Nf4 Rh6 30. f3 Nf6 31. Ne6 Rh5 32. Rb3 Re8 33. Rbe3 bxc5 34. bxc5 Bd8 35. Qd3 Ba5 36. R1e2 Re7 37. Nf4 Rxe3 38. Qxe3 Rh6 39. Qa3 Bd8 40. Ne6 Rh5 41. h3 Be7 42. Qe3 Rh6 43. Nxg7 Bxc5 44. Nxf5 Qxf5 45. dxc5 Rg6 46. g4 Qb1 47. Rb2 Qa1 48. f4 h5 49. g5 d4 50. Rb8+ Kg7 51. gxf6+ Kxf6 52. Qd2 Qc3 53. Rc8 Kf5 54. Qxc3 dxc3 55. Kf2 Re6 56. Bxc6 1-0

[Event "LSS No Engine Cup 166 Preliminary 0"]
[Site "LSS email"]
[Date "2017.01.30"]
[Round "?"]
[White "Schoppe, Gottfried"]
[Black "Dogan, Ahmet"]
[Result "0-1"]
[WhiteElo "1272"]
[BlackElo "1946"]
[PlyCount "36"]
[EventDate "2017.01.31"]
[EventType "tourn (corr)"]
[EventRounds "6"]
[EventCountry "GER"]
[SourceTitle "Corr 2022"]
[Source "ChessBase"]
[SourceDate "2021.10.24"]
[SourceVersion "1"]
[SourceVersionDate "2021.10.24"]
[SourceQuality "1"]

1. e4 c5 2. Nc3 Nc6 3. Nf3 e6 4. Bb5 d6 5. 0-0 Nf6 6. e5 dxe5 7. Nxe5 Qc7 8. Re1 Bd6 9. Nxc6 bxc6 10. Bc4 Bxh2+ 11. Kh1 Qf4 12. d3 Qh4 13. Qf3 Ng4 14. Rxe6+ Bxe6 15. Qxc6+ Bd7 16. Bxf7+ Kf8 17. Qxa8+ Bb8+ 18. Kg1 Qxf2+ 0-1

[Event "SC-2017-0-00315"]
[Site "LSS email"]
[Date "2017.01.28"]
[Round "?"]
[White "Dogan, Ahmet"]
[Black "Moreira, Carlos"]
[Result "1/2-1/2"]
[WhiteElo "1704"]
[BlackElo "1654"]
[PlyCount "88"]
[EventDate "2016.12.11"]
[EventType "tourn (corr)"]
[EventRounds "6"]
[EventCountry "GER"]
[SourceTitle "Corr 2022"]
[Source "ChessBase"]
[SourceDate "2021.10.24"]
[SourceVersion "1"]
[SourceVersionDate "2021.10.24"]
[SourceQuality "1"]

1. Nf3 Nf6 2. d4 d5 3. e3 g6 4. c4 Bg7 5. Nc3 0-0 6. b4 c6 7. Bb2 Bg4 8. h3 Bxf3 9. Qxf3 e6 10. Be2 Nbd7 11. 0-0 Rc8 12. Rfc1 dxc4 13. Bxc4 Nb6 14. Bb3 Nbd5 15. a3 a5 16. Na4 axb4 17. axb4 Ra8 18. Ba3 Re8 19. Nc5 Qe7 20. e4 Nc7 21. Bb2 Rxa1 22. Rxa1 Nb5 23. Qe3 Rd8 24. Rc1 Rb8 25. Bc4 Ne8 26. Bxb5 cxb5 27. e5 b6 28. Ne4 Qxb4 29. Ba3 Qa5 30. Be7 b4 31. Kh2 Qa4 32. Rb1 Qc2 33. Rxb4 Qc7 34. Bg5 Qd7 35. Bh6 b5 36. Qf4 Qe7 37. Rb3 Nc7 38. Bxg7 Kxg7 39. Nf6 b4 40. Qc1 Nd5 41. Nxd5 exd5 42. f4 Qe6 43. Qd2 Qf5 44. Rxb4 Rxb4 1/2-1/2

[Event "SC-2016-0-00305"]
[Site "LSS email"]
[Date "2016.10.29"]
[Round "?"]
[White "Kraujunas, Vladas"]
[Black "Dogan, Ahmet"]
[Result "0-1"]
[WhiteElo "1709"]
[BlackElo "1704"]
[PlyCount "112"]
[EventDate "2016.09.09"]
[EventType "tourn (corr)"]
[EventRounds "6"]
[EventCountry "GER"]
[SourceTitle "Corr 2022"]
[Source "ChessBase"]
[SourceDate "2021.10.24"]
[SourceVersion "1"]
[SourceVersionDate "2021.10.24"]
[SourceQuality "1"]

1. e4 c5 2. Nf3 d6 3. d4 cxd4 4. Nxd4 Nf6 5. Nc3 a6 6. Bg5 e6 7. f4 Nbd7 8. Qf3 Qc7 9. 0-0-0 Be7 10. g4 b5 11. Bxf6 Nxf6 12. g5 Nd7 13. f5 Nc5 14. f6 gxf6 15. gxf6 Bf8 16. a3 Bd7 17. Rg1 0-0-0 18. Kb1 Kb8 19. Qh5 Be8 20. Qh4 Rc8 21. Be2 Nd7 22. Na2 Qb6 23. Rg3 h5 24. Nc3 Bh6 25. Qxh5 Nxf6 26. Qf3 Nd7 27. h4 Rh7 28. h5 Bg7 29. Qd3 Be5 30. Rh3 Nc5 31. Qe3 Bd7 32. Rhh1 b4 33. axb4 Qxb4 34. h6 f6 35. Rh3 a5 36. Bb5 Kc7 37. Bxd7 Kxd7 38. Na2 Qb6 39. Rh4 Rb8 40. Qa3 Ke7 41. Nc1 Kf7 42. Nce2 Na4 43. b3 Nc5 44. Nc3 a4 45. Nxa4 Qa6 46. Ka2 Ra8 47. Kb1 Kg8 48. Rg4+ Kh8 49. Rg7 Rb8 50. Ka2 Nxe4 51. Nxe6 Ra8 52. Qb4 Nc3+ 53. Ka3 Nb5+ 54. Ka2 Qc6 55. Rxh7+ Kxh7 56. Rc1 Kh8 0-1

[Event "SC-2016-0-00305"]
[Site "LSS email"]
[Date "2016.10.29"]
[Round "?"]
[White "Linart, Ludvik"]
[Black "Dogan, Ahmet"]
[Result "1/2-1/2"]
[WhiteElo "1742"]
[BlackElo "1704"]
[PlyCount "107"]
[EventDate "2016.09.09"]
[EventType "tourn (corr)"]
[EventRounds "6"]
[EventCountry "GER"]
[SourceTitle "Corr 2022"]
[Source "ChessBase"]
[SourceDate "2021.10.24"]
[SourceVersion "1"]
[SourceVersionDate "2021.10.24"]
[SourceQuality "1"]

1. d4 d5 2. Nf3 e6 3. c4 Nf6 4. Nc3 Be7 5. Bf4 c6 6. e3 Nbd7 7. Bd3 dxc4 8. Bxc4 b5 9. Bd3 a6 10. a4 Bb7 11. 0-0 b4 12. Ne4 Nxe4 13. Bxe4 Nf6 14. Bd3 0-0 15. Rc1 Rc8 16. Qe2 a5 17. Rfd1 Nd5 18. Bg3 c5 19. dxc5 Bxc5 20. Bc4 Qe7 21. Bb3 Ba8 22. Ne5 Qb7 23. Bxd5 exd5 24. Nf3 Bb6 25. Nd4 Rc4 26. b3 Rc3 27. Bf4 Rfc8 28. Rxc3 bxc3 29. Nf5 Rc6 30. Rc1 d4 31. Nxd4 Bxd4 32. exd4 Rc8 33. Qg4 h5 34. Qh3 Re8 35. Qf3 Qxf3 36. gxf3 Rc8 37. Bd6 c2 38. Bc5 Rb8 39. Rxc2 Rxb3 40. Kf1 Bxf3 41. Ke1 Be4 42. Rc4 Bd5 43. Rc1 f6 44. Kd2 Kf7 45. Ba7 Ke6 46. Rc5 Rf3 47. Ke2 Rh3 48. Bb8 h4 49. Rxa5 Bc4+ 50. Ke1 Ra3 51. f4 g6 52. Kd2 Rd3+ 53. Kc2 Rf3 54. Kd2 1/2-1/2

[Event "CP-2016-P-00017"]
[Site "LSS email"]
[Date "2016.09.27"]
[Round "?"]
[White "Madrid Sole, Antonio"]
[Black "Dogan, Ahmet"]
[Result "1/2-1/2"]
[WhiteElo "1784"]
[BlackElo "1705"]
[PlyCount "69"]
[EventDate "2016.10.01"]
[EventType "tourn (corr)"]
[EventRounds "6"]
[EventCountry "GER"]
[SourceTitle "Corr 2022"]
[Source "ChessBase"]
[SourceDate "2021.10.24"]
[SourceVersion "1"]
[SourceVersionDate "2021.10.24"]
[SourceQuality "1"]

1. d4 d5 2. Nf3 e6 3. e3 c5 4. c3 Nf6 5. Bd3 Be7 6. Nbd2 Nc6 7. 0-0 0-0 8. dxc5 Bxc5 9. b4 Bd6 10. Bb2 a6 11. Qe2 Qc7 12. a3 e5 13. e4 Bg4 14. exd5 Nxd5 15. g3 Nf6 16. Rfe1 Rad8 17. c4 Qd7 18. Ne4 Be7 19. Rad1 Qc8 20. h3 Bxh3 21. Nxe5 Nxe5 22. Bxe5 Bg4 23. f3 Bh5 24. Nxf6+ Bxf6 25. Bxf6 gxf6 26. Be4 Rxd1 27. Rxd1 Bg6 28. Rd6 Re8 29. c5 Bxe4 30. fxe4 Qh3 31. Qe3 Qg4 32. Qf4 Qe2 33. Rxf6 Rxe4 34. Qg5+ Kf8 35. Rf2 1/2-1/2

[Event "CP-2016-P-00017"]
[Site "LSS email"]
[Date "2016.09.27"]
[Round "?"]
[White "Turoczi, Peter"]
[Black "Dogan, Ahmet"]
[Result "1-0"]
[WhiteElo "1679"]
[BlackElo "1705"]
[PlyCount "83"]
[EventDate "2016.10.01"]
[EventType "tourn (corr)"]
[EventRounds "6"]
[EventCountry "GER"]
[SourceTitle "Corr 2022"]
[Source "ChessBase"]
[SourceDate "2021.10.24"]
[SourceVersion "1"]
[SourceVersionDate "2021.10.24"]
[SourceQuality "1"]

1. e4 c5 2. Nf3 d6 3. d4 cxd4 4. Nxd4 Nf6 5. Nc3 a6 6. Bg5 Nbd7 7. Qd2 e6 8. Bc4 h6 9. Bxf6 Nxf6 10. Bb3 b5 11. a3 Bb7 12. 0-0-0 Be7 13. Rhe1 Qb6 14. Kb1 0-0 15. g4 Rae8 16. h4 Nh7 17. g5 hxg5 18. hxg5 Bxg5 19. f4 Bh6 20. Qh2 Qd8 21. e5 Kh8 22. f5 d5 23. Rg1 Rg8 24. f6 Nxf6 25. exf6 Qxf6 26. Nce2 e5 27. Rdf1 Qb6 28. Nf5 Re6 29. Nxh6 Rxh6 30. Qxe5 Qd6 31. Qxd6 Rxd6 32. Rxf7 Bc6 33. Nf4 Rh6 34. Ng6+ Kh7 35. Ne7 Be8 36. Rf2 Rh8 37. Bxd5 g6 38. Bc6 Rh5 39. Bxe8 Rxe8 40. Rf7+ Kh8 41. Nxg6+ Kg8 42. Ra7 1-0

[Event "LSS No Engine Cup 159 Preliminary 0"]
[Site "LSS email"]
[Date "2016.09.13"]
[Round "?"]
[White "Bearce, Harold L"]
[Black "Dogan, Ahmet"]
[Result "0-1"]
[WhiteElo "895"]
[BlackElo "1600"]
[PlyCount "30"]
[EventDate "2016.09.14"]
[EventType "tourn (corr)"]
[EventRounds "6"]
[EventCountry "GER"]
[SourceTitle "Corr 2022"]
[Source "ChessBase"]
[SourceDate "2021.10.24"]
[SourceVersion "1"]
[SourceVersionDate "2021.10.24"]
[SourceQuality "1"]

1. e4 c5 2. Nf3 d6 3. d4 cxd4 4. Nxd4 Nf6 5. Nc3 a6 6. h3 g6 7. Be3 Bg7 8. Bd3 Nc6 9. Qd2 0-0 10. 0-0 Nxd4 11. Bxd4 e5 12. Be3 Be6 13. Rae1 Qc7 14. Kh2 d5 15. f4 d4 0-1

[Event "LSS No Engine Cup 159 Preliminary 0"]
[Site "LSS email"]
[Date "2016.09.13"]
[Round "?"]
[White "Dogan, Ahmet"]
[Black "Shim Ng Min, Francis"]
[Result "1-0"]
[WhiteElo "1600"]
[BlackElo "1490"]
[PlyCount "39"]
[EventDate "2016.09.14"]
[EventType "tourn (corr)"]
[EventRounds "6"]
[EventCountry "GER"]
[SourceTitle "Corr 2022"]
[Source "ChessBase"]
[SourceDate "2021.10.24"]
[SourceVersion "1"]
[SourceVersionDate "2021.10.24"]
[SourceQuality "1"]

1. Nf3 Nf6 2. d4 d5 3. e3 e6 4. Bd3 Be7 5. 0-0 0-0 6. c4 dxc4 7. Bxc4 c5 8. Nc3 Nc6 9. a3 cxd4 10. exd4 b6 11. Qd3 Bb7 12. Rd1 Nd5 13. Nxd5 exd5 14. Ba2 Bf6 15. Bf4 g6 16. Re1 Bg7 17. b4 a6 18. Rac1 b5 19. Rc5 Ne7 20. Rc7 1-0

[Event "LSS No Engine Cup 159 Preliminary 0"]
[Site "LSS email"]
[Date "2016.09.13"]
[Round "?"]
[White "Kalinin, Vyacheslav"]
[Black "Dogan, Ahmet"]
[Result "0-1"]
[WhiteElo "1659"]
[BlackElo "1600"]
[PlyCount "72"]
[EventDate "2016.09.14"]
[EventType "tourn (corr)"]
[EventRounds "6"]
[EventCountry "GER"]
[SourceTitle "Corr 2022"]
[Source "ChessBase"]
[SourceDate "2021.10.24"]
[SourceVersion "1"]
[SourceVersionDate "2021.10.24"]
[SourceQuality "1"]

1. c4 e6 2. Nc3 d5 3. d4 Be7 4. Bf4 Nf6 5. e3 0-0 6. Nf3 c5 7. Bd3 cxd4 8. exd4 Nc6 9. Rc1 dxc4 10. Bxc4 Bd6 11. Be5 Bxe5 12. dxe5 Qxd1+ 13. Rxd1 Ng4 14. Ke2 Ngxe5 15. Nxe5 Nxe5 16. Bb3 b6 17. Rhe1 Ba6+ 18. Ke3 Rfd8 19. h3 Kf8 20. f4 Nd3 21. Re2 Nxf4 22. Red2 Rxd2 23. Rxd2 Ng6 24. Rd7 Ne5 25. Rc7 Ke8 26. Bxe6 fxe6 27. Rxg7 Kf8 28. Rxh7 Nf7 29. Ne4 Rd8 30. h4 Bd3 31. g4 Bb1 32. g5 Rd3+ 33. Kf2 Ne5 34. Rxa7 Rf3+ 35. Ke2 Bxe4 36. Rb7 Bxb7 0-1